000 00479cam a2200181ua 4500
020 _cRs 3.75
041 _amal
_h
082 _a894.812 803 55
_bKAL/HI
100 _aKalelkar, Kaka .
245 _aHimalaya yathra /
_cKaka Kalelkar.
_hTextual Documents
260 _aKottayam :
_bSahitya Pravarthaka Co-operative Society ,
_c1963.
300 _a317 ; .
365 _aRs 3.75
504 _a
650 _aTravelogue - Malayalam
942 _cBK
999 _c536
_d536